[Event "1/64 Finale"]
[Site "www.chess-mail.com"]
[Date "2017.05.10"]
[Round "1"]
[White "Attatroll"]
[Black "Hennie4820"]
[WhiteElo "2010"]
[BlackElo "2050"]
[Result "0-1"]
[Round "1"]
1.e4 c5
2.Nb1c3 Nb8c6
3.g4 e5
4.Bf1g2 h6
5.h3 Ng8f6
6.d3 Bf8e7
7.Ng1e2 Nc6d4
8.Ne2xd4 cxd4
9.Nc3e2 O-O
10.O-O d6
11.Ne2g3 Kh7
12.Ng3f5 Bc8xf5
13.gxf5 Ra8c8
14.Bc1d2 b6
15.f4 Qd8c7
16.fxe5 dxe5
17.Qd1f3 g6
18.fxg6 fxg6
19.c4 Nf6h5
20.Qf3g4 Rf8xf1
21.Ra1xf1 Rc8f8
22.Rf1xf8 Be7xf8
23.Qg4e6 Qc7e7
24.Qe6c8 Qe7f7
25.Qc8g4 Nh5f6
26.Qg4h4 Bf8e7
27.Qh4xh6 Kg8
28.Bg2f3 Qf7h7
29.Qh6xh7 Kxh7
30.Bd2g5 Kg7
31.Bf3g4 Kf7
32.Bg4c8 Nf6h5
33.Bg5xe7 Kxe7
34.Kf2 Kf6
35.h4 Nh5f4
36.Ke1 Nf4xd3
37.Kd2 Nd3xb2
38.Bc8a6 Nb2a4
39.Ba6b5 Na4c5
40.Ke2 Nc5xe4
41.Kd3 Ne4c5
42.Kd2 e4
43.Bb5c6 e3
44.Ke2 Kf5
45.Kf3 Ke5
46.a4 Nc5e6
47.Bc6b7 Ne6g7
48.Bb7e4 Ng7f5
49.Be4d3 Nf5xh4
50.Ke2 g5
{ resign }
0-1

[Event "1/32 Finale"]
[Site "www.chess-mail.com"]
[Date "2017.05.10"]
[Round "1"]
[White "Pachi"]
[Black "Vgrynyuk"]
[WhiteElo "1600"]
[BlackElo "2570"]
[Result "0-1"]
[Round "1"]
1.e4 e5
2.Ng1f3 Nb8c6
3.Bf1b5 a6
4.Bb5xc6 dxc6
5.b3 f6
6.O-O Bc8g4
7.Bc1b2 Ng8h6
8.d4 exd4
9.Bb2xd4 Bg4xf3
10.gxf3 Qd8d7
11.e5 O-O-O
12.c3 fxe5
13.Nb1d2 exd4
14.cxd4 Qd7h3
15.f4 Nh6g4
16.Nd2f3 Bf8d6
17.Qd1d2 Qh3xf3
18.Ra1e1 Bd6xf4
19.Qd2c2 Bf4xh2

0-1

[Event "1/128 Finale"]
[Site "www.chess-mail.com"]
[Date "2017.05.10"]
[Round "1"]
[White "Mitja"]
[Black "Bojan"]
[WhiteElo "1990"]
[BlackElo "2000"]
[Result "1-0"]
[Round "1"]
1.d4 d5
2.e3 a6
3.c3 Nb8c6
4.h3 Ng8f6
5.Nb1d2 Qd8d6
6.Nd2b3 e5
7.dxe5 Qd6xe5
8.Ng1f3 Qe5d6
9.Nb3d4 Nc6xd4
10.Nf3xd4 h6
11.Bf1e2 c5
12.Nd4f3 Qd6b6
13.b3 Bf8e7
14.O-O Qb6e6
15.Bc1b2 O-O
16.Qd1c2 Nf6h7
17.Rf1d1 Rf8d8
18.c4 Be7f6
19.Bb2xf6 Nh7xf6
20.cxd5 Rd8xd5
21.Rd1xd5 Qe6xd5
22.Ra1d1 Qd5c6
23.Be2c4 Bc8d7
24.Nf3e5 Qc6c7
25.Bc4xf7 Kf8
26.Ne5xd7 Nf6xd7
27.Bf7e6 Nd7f6
28.Qc2g6 Qc7e7
29.Qg6f5 Ke8
30.e4 Ra8d8
31.Qf5g6 Kf8
32.Rd1xd8 { resign }
1-0

[Event "Fast Game"]
[Site "www.echecsemail.com"]
[Date "2017.05.10"]
[Round "1"]
[White "Hennie4820"]
[Black "Pellix84"]
[WhiteElo "1610"]
[BlackElo "1690"]
[Result "1-0"]
[Round "1"]
1.e4 c6
2.d4 d5
3.Nb1d2 dxe4
4.Nd2xe4 Nb8d7
5.Ne4g5 Ng8f6
6.Bf1d3 c5
7.Ng1f3 g6
8.O-O Bf8g7
9.dxc5 Qd8c7
10.Bc1e3 O-O
11.Ra1c1 Rf8e8
12.b4 a5
13.c3 axb4
14.cxb4 Ra8xa2
15.Qd1b3 Ra2a8
16.Qb3xf7 Kh8
17.Ng5e6 Nf6h5
18.Ne6xc7 { resign }
1-0

[Event "Fast Game"]
[Site "www.echecsemail.com"]
[Date "2017.05.10"]
[Round "1"]
[White "Motorhead99"]
[Black "Redapond1"]
[WhiteElo "1549"]
[BlackElo "1379"]
[Result "0-1"]
[Round "1"]
1.e4 b6
2.d4 Bc8b7
3.Nb1c3 g6
4.Ng1f3 Bf8g7
5.Bf1c4 e6
6.Bc1g5 Bg7f6
7.Bg5xf6 Qd8xf6
8.O-O Ng8e7
9.e5 Qf6g7
10.d5 exd5
11.Nc3xd5 Ne7xd5
12.Bc4xd5 Nb8c6
13.Rf1e1 O-O-O
14.c3 Rd8e8
15.Bd5xc6 Bb7xc6
16.Qd1d4 Bc6xf3
17.gxf3 d6
18.exd6 Re8xe1
19.Ra1xe1 Qg7xd4
20.cxd4 cxd6
21.Re1c1 Kb7
22.d5 Rh8e8
23.Kf1 Re8e5
24.Rc1d1 Re5f5
25.Kg2 Rf5e5
26.f4 Re5e2
{ resign }
0-1

[Event "Fast Game"]
[Site "www.echecsemail.com"]
[Date "2017.05.10"]
[Round "1"]
[White "Motorhead99"]
[Black "Thor1"]
[WhiteElo "1599"]
[BlackElo "1599"]
[Result "0-1"]
[Round "1"]
1.e4 e5
2.Ng1f3 d6
3.d4 Ng8f6
4.Bc1g5 Bc8e6
5.Nb1c3 h6
6.Bg5h4 h5
7.Bf1b5 c6
8.Bb5d3 Rh8g8
9.d5 Be6d7
10.dxc6 bxc6
11.O-O Bd7g4
12.Rf1e1 Bg4xf3
13.Qd1xf3 g5
{ resign }
0-1

[Event "Fast Game"]
[Site "www.echecsemail.com"]
[Date "2017.05.10"]
[Round "1"]
[White "Motorhead99"]
[Black "Pellix84"]
[WhiteElo "1599"]
[BlackElo "1680"]
[Result "0-1"]
[Round "1"]
1.d4 Ng8f6
2.e3 e6
3.Bf1d3 d5
4.Nb1d2 c5
5.c3 Nb8c6
6.f4 Bf8d6
7.Ng1h3 h6
8.Qd1f3 Bc8d7
9.O-O Qd8e7
10.g4 O-O-O
11.Nh3f2 Nf6e8
12.h3 g5
13.Nf2d1 gxf4
14.exf4 f5
15.dxc5 Bd6xc5
16.Kh1 Ne8d6
17.gxf5 Nd6xf5
18.Bd3xf5 exf5
19.Nd2b3 Bc5b6
20.Nd1f2 Qe7f7
21.Bc1e3 d4
22.Nb3xd4 Bb6xd4
23.Be3xd4 Nc6xd4
24.cxd4 Bd7c6
{ resign }
0-1

[Event "Tourn. n9216"]
[Site "www.chess-mail.com"]
[Date "2017.05.11"]
[Round "1"]
[White "Nulladies"]
[Black "Geretree"]
[WhiteElo "1750"]
[BlackElo "1860"]
[Result "1-0"]
[Round "1"]
1.d4 d5
2.Bc1f4 Nb8c6
3.Ng1f3 Bc8f5
4.c3 Ng8f6
5.Nb1d2 e6
6.e3 a6
7.Nf3h4 Bf5g6
8.Nh4xg6 hxg6
9.b4 b5
10.a4 Nc6a7
11.axb5 Na7xb5
12.Qd1a4 c6
13.Qa4b3 Bf8d6
14.Bf1xb5 cxb5
15.Bf4e5 Bd6xe5
16.dxe5 Nf6d7
17.f4 f5
18.Nd2f3 Qd8b6
19.Ke2 a5
20.Nf3d4 a4
21.Qb3c2 Ra8c8
22.g4 Rh8h3
23.Kf2 Ke7
24.Qc2e2 Rc8xc3
25.Nd4c2 Rc3xe3
26.Nc2xe3 fxg4
27.Ra1e1 Qb6d4
28.Qe2xg4 Rh3h6
29.f5 Qd4xg4
30.Ne3xg4 Rh6h4
31.Kg3 Rh4h8
32.fxe6 Kxe6
33.Re1c1 Rh8f8
34.Rc1c6 Kf5
35.Rh1f1 Kg5
36.Rf1xf8 Nd7xf8
37.Rc6c2 Nf8e6
38.Rc2c8 d4
39.Rc8b8 Ne6c7
40.Rb8b7 Nc7e6
41.Rb7xb5 a3
42.Rb5a5 Ne6f4
43.Ra5xa3 d3
44.e6 d2
45.Ng4e3 Nf4xe6
46.b5 Ne6c5
47.Ra3a1 Kf6
48.Ra1d1 Ke7
49.Rd1xd2 Nc5e4
50.Kg4 Ne4xd2
51.b6 Kd7
52.Ne3d5 Kc6
53.Nd5e7 Kxb6
54.Ne7xg6 Nd2e4
55.h4 Kc6
56.Kf5 Ne4f6
57.Ng6f4 Kd6
58.Kg6 Nf6e8
59.Nf4h5 Ke7
60.Nh5xg7 Ne8f6
61.Ng7h5 Nf6xh5
62.Kxh5 Kf7
63.Kg5 Kg7
64.Kh5 Kh7
65.Kg5 Kg7
66.h5 Kh7
67.h6 Kh8
68.Kg6 Kg8
69.h7 Kh8
70.Kh6 { resign }
1-0

[Event "Tourn. n9347"]
[Site "www.chess-mail.com"]
[Date "2017.05.11"]
[Round "1"]
[White "Autmich"]
[Black "Redapond1"]
[WhiteElo "1860"]
[BlackElo "1850"]
[Result "1-0"]
[Round "1"]
1.e4 e5
2.Ng1f3 Nb8c6
3.Bf1c4 Ng8f6
4.Nf3g5 d5
5.exd5 Nf6xd5
6.Ng5xf7 Kxf7
7.Qd1f3 Ke8
8.Bc4xd5 Qd8e7
9.Bd5xc6 Bc8d7
10.Bc6xb7 Ra8b8
11.Bb7c6 Bd7xc6
12.Qf3xc6 Qe7d7
13.Qc6xd7 Kxd7
14.Nb1c3 Bf8b4
15.O-O Bb4c5
16.d3 Rh8f8
17.Nc3e4 Rf8f7
18.Ne4xc5 Kc6
19.Nc5e4 { resign }
1-0

[Event "Tourn. n9289"]
[Site "www.chess-mail.com"]
[Date "2017.05.11"]
[Round "1"]
[White "Pdebonis"]
[Black "Conde7"]
[WhiteElo "2560"]
[BlackElo "2870"]
[Result "0-1"]
[Round "1"]
1.e4 c5
2.Ng1f3 d6
3.d4 cxd4
4.Nf3xd4 Ng8f6
5.Nb1c3 a6
6.Bc1g5 e6
7.f4 Qd8b6
8.Qd1d2 Qb6xb2
9.Ra1b1 Qb2a3
10.e5 dxe5
11.fxe5 h6
12.Bg5h4 Nf6d7
13.Nc3e4 Qa3xa2
14.Rb1d1 Qa2d5
15.Qd2e3 Qd5xe5
16.Bf1e2 Bf8c5
17.Bh4g3 Qe5d5
18.c4 Bc5xd4
19.Rd1xd4 Qd5a5
20.Rd4d2 O-O
21.Bg3d6 f5
22.Bd6xf8 Nd7xf8
23.Ne4d6 Nb8d7
24.Be2f3 Ra8b8
25.g4 Nd7e5
26.gxf5 Ne5xf3
27.Qe3xf3 Bc8d7
28.f6 Qa5e5
29.Nd6e4 Bd7c6
30.fxg7 Bc6xe4
31.Rh1g1 Be4xf3
{ resign }
0-1

[Event "Tourn. n9202"]
[Site "www.chess-mail.com"]
[Date "2017.05.11"]
[Round "1"]
[White "Falcoale"]
[Black "Picifarkinca"]
[WhiteElo "1870"]
[BlackElo "1810"]
[Result "0-1"]
[Round "1"]
1.e4 e6
2.Ng1f3 d5
3.exd5 exd5
4.d4 Bf8d6
5.Bf1d3 Qd8e7
6.Bc1e3 Bc8g4
7.h3 Bg4xf3
8.Qd1xf3 Ng8f6
9.O-O c6
10.Rf1e1 O-O
11.Nb1c3 Nb8d7
12.Be3g5 Qe7d8
13.Nc3e2 h6
14.Bg5h4 Qd8b6
15.b3 Ra8e8
16.c3 Nf6e4
17.Bd3xe4 Re8xe4
18.Ne2g3 Re4xh4
19.Qf3d3 Rh4f4
20.Ng3f5 Rf4xf5
21.Qd3xf5 Nd7f6
22.Qf5f3 Nf6e4
23.c4 Bd6b4
24.c5 Qb6c7
25.Re1d1 Bb4a3
26.Qf3d3 Ba3b2
27.Ra1b1 Ne4c3
28.Rd1d2 Nc3xb1
29.Rd2xb2 Nb1a3
30.Rb2e2 Qc7d7
31.b4 Na3b5
32.a4 Nb5c7
33.Qd3g3 Nc7e6
34.Re2d2 Ne6g5
35.Qg3d3 Rf8e8
36.Rd2d1 Ng5e6
37.a5 a6
38.f3 Ne6f4
39.Qd3b1 Re8e2
40.Qb1c1 Re2xg2
41.Kf1 Qd7xh3
42.Qc1xf4 Qh3h1
{ resign }
0-1

[Event "Tourn. n9338"]
[Site "www.chess-mail.com"]
[Date "2017.05.11"]
[Round "1"]
[White "Cjood"]
[Black "Cal"]
[WhiteElo "1839"]
[BlackElo "1720"]
[Result "1-0"]
[Round "1"]
1.Ng1f3 d5
2.c3 Nb8c6
3.Qd1c2 h6
4.e3 a6
5.Bf1d3 Ng8f6
6.b4 b5
7.Bc1b2 e6
8.a4 bxa4
9.Qc2xa4 Bc8d7
10.Qa4b3 Ra8b8
11.Ra1xa6 Bf8d6
12.b5 Nc6e7
13.c4 dxc4
14.Bd3xc4 O-O
15.d3 Ne7g6
16.g3 Qd8e7
17.Bb2c3 Bd6c5
18.d4 Bc5d6
19.Nb1d2 Rb8b7
20.h4 Ng6h8
21.e4 e5
22.dxe5 Bd6xe5
23.Nf3xe5 Bd7c8
24.Qb3b2 Bc8e6
25.Bc3b4 c5
26.Bb4c3 Be6xc4
27.Nd2xc4 Nf6xe4
28.Ne5c6 Qe7e6
29.Nc6e5 Qe6f5
30.Nc4d6 Qf5f3
31.Ne5xf3 Rb7e7
32.Bc3xg7 Ne4xd6
33.Kf1 Nd6f5
34.Bg7xh8 Kh7
35.g4 Nf5e3
36.fxe3 Rf8xh8
37.Qb2f6 Re7d7
38.Qf6xh6 Kg8
39.Ra6a8 Rd7d8
40.Ra8xd8 
1-0

[Event "Tourn. n9369"]
[Site "www.chess-mail.com"]
[Date "2017.05.11"]
[Round "1"]
[White "Bojan"]
[Black "Balbyns"]
[WhiteElo "1980"]
[BlackElo "1890"]
[Result "0-1"]
[Round "1"]
1.e4 c5
2.Ng1f3 Nb8c6
3.a3 d6
4.Bf1c4 e6
5.d4 cxd4
6.Nf3xd4 Ng8f6
7.Nb1c3 Bf8e7
8.Nd4xc6 bxc6
9.f4 O-O
10.Qd1f3 Bc8b7
11.e5 dxe5
12.fxe5 Nf6d5
13.Nc3xd5 cxd5
14.Bc4d3 f5
15.Bc1d2 Qd8c7
16.Qf3g3 g6
17.h4 Qc7b6
18.b3 Be7c5
19.Rh1f1 Bb7a6
20.b4 Bc5d4
21.c3 Bd4xe5
22.Qg3xe5 Ba6xd3
23.Rf1f3 Qb6g1
{ resign }
0-1

[Event "Tourn. n9275"]
[Site "www.chess-mail.com"]
[Date "2017.05.11"]
[Round "1"]
[White "Norlavuaram"]
[Black "Luban"]
[WhiteElo "2120"]
[BlackElo "2180"]
[Result "1/2-1/2"]
[Round "1"]
1.e4 c5
2.Ng1f3 d6
3.Bf1b5 Bc8d7
4.Qd1e2 e6
5.c3 Nb8c6
6.O-O a6
7.Bb5a4 Qd8c7
8.Rf1d1 b5
9.Ba4c2 Ra8c8
10.d4 cxd4
11.Nf3xd4 Nc6xd4
12.Rd1xd4 Ng8f6
13.Rd4d1 Bf8e7
14.Nb1d2 Bd7c6
15.Nd2f3 Qc7b7
16.Rd1e1 O-O
17.Nf3d4 Rf8e8
18.f3 e5
19.Nd4xc6 Qb7xc6
20.Bc1e3 b4
21.Bc2d3 a5
22.Ra1c1 Qc6a8
23.Bd3a6 Rc8b8
24.Ba6b5 Re8d8
25.c4 Nf6d7
26.Qe2d2 Nd7c5
27.Qd2f2 Nc5d3
28.Qf2d2 Nd3xc1
29.Re1xc1 Rb8c8
30.Be3b6 Rd8f8
31.Bb6f2 h6
32.Qd2d3 Rc8b8
33.Qd3d5 Qa8xd5
34.exd5 f5
35.Bb5c6 Be7f6
36.Bf2a7 Rb8c8
37.Ba7f2 Rc8xc6
38.dxc6 Rf8c8
39.c7 Kf7
40.Bf2b6 a4
41.b3 axb3
42.axb3 Ke6
43.Rc1d1 e4
44.Kf2 exf3
45.Kxf3 Bf6e5
46.h3 Kd7
47.Bb6a5 g5
48.c5 Kc6
49.Ba5xb4 dxc5
50.Rd1c1 Be5d6
51.Bb4a3 Rc8xc7
52.b4 Kb5
53.bxc5 Bd6xc5
54.Ba3b2 Rc7d7
55.Ke2 f4
56.Rc1d1 Rd7e7
57.Kf1 Bc5e3
58.Bb2c1 Kc4
59.Bc1xe3 fxe3
60.Ke2 Re7e6
{ draw }
1/2-1/2

[Event "Tourn. n9338"]
[Site "www.chess-mail.com"]
[Date "2017.05.11"]
[Round "1"]
[White "Jackbauer"]
[Black "Redabond"]
[WhiteElo "1900"]
[BlackElo "1710"]
[Result "1-0"]
[Round "1"]
1.e4 e5
2.f4 Nb8c6
3.f5 d5
4.exd5 Qd8xd5
5.Nb1c3 Qd5d8
6.Bf1d3 Ng8f6
7.a3 Bf8c5
8.Nc3e4 Bc5xg1
9.Rh1xg1 Bc8xf5
10.h3  { time }
1-0

[Event "Tourn. n9365"]
[Site "www.chess-mail.com"]
[Date "2017.05.11"]
[Round "1"]
[White "Bojan"]
[Black "Thrillerfan"]
[WhiteElo "2000"]
[BlackElo "2180"]
[Result "1/2-1/2"]
[Round "1"]
1.e4 e6
2.d4 d5
3.exd5 exd5
4.c4 Ng8f6
5.a3 Nb8c6
6.c5 Bf8e7
7.Bf1b5 O-O
8.Bc1e3 Bc8f5
9.Nb1c3 Nf6g4
10.Be3f4 Be7f6
11.Ng1e2 Nc6e7
12.h3 Ng4h6
13.Qd1d2 Ne7g6
14.Bf4xh6 gxh6
15.O-O c6
16.Bb5a4 Bf6g5
17.Qd2d1 Qd8d7
18.Ne2g3 Bf5xh3
19.gxh3 Qd7xh3
20.Qd1f3 Ng6h4
21.Qf3h1 Qh3g4
22.Nc3e2 Nh4f3
23.Kg2 Nf3h4
{ draw }
1/2-1/2

[Event "Tourn. n9338"]
[Site "www.chess-mail.com"]
[Date "2017.05.11"]
[Round "1"]
[White "Roque1"]
[Black "Cal"]
[WhiteElo "1870"]
[BlackElo "1720"]
[Result "1-0"]
[Round "1"]
1.e4 e5
2.Ng1f3 d6
3.Nb1c3 a6
4.Bf1e2 h6
5.d4 exd4
6.Qd1xd4 Ng8f6
7.e5 Nb8c6
8.Qd4a4 Nf6d7
9.Bc1e3 dxe5
10.O-O-O b5
11.Be2xb5 axb5
12.Qa4xa8 Bf8b4
13.Qa8xc6 Bb4xc3
14.Qc6xc3 O-O
15.Nf3xe5 Qd8e7
16.Ne5xd7 Bc8xd7
17.Rh1e1 Qe7h4
18.Rd1xd7 c6
19.Qc3xc6 Qh4xh2
20.g3 Qh2h5
21.Be3c5 Qh5g5
22.Kb1 Qg5f5
23.Bc5xf8 Qf5xf2
24.Qc6c3 b4
25.Qc3xg7 
1-0

[Event "Tourn. n9368"]
[Site "www.chess-mail.com"]
[Date "2017.05.11"]
[Round "1"]
[White "Biggles"]
[Black "Bigrezi"]
[WhiteElo "2090"]
[BlackElo "1960"]
[Result "1-0"]
[Round "1"]
1.e4 e5
2.Ng1f3 Nb8c6
3.Bf1c4 Ng8f6
4.Nf3g5 d5
5.exd5 Nf6xd5
6.Ng5xf7 Kxf7
7.Qd1f3 Ke8
8.Bc4xd5 Bc8d7
9.Qf3f7 { resign }
1-0

[Event "Match"]
[Site "www.echecsemail.com"]
[Date "2017.05.11"]
[Round "1"]
[White "Mitja"]
[Black "Bojan"]
[WhiteElo "1980"]
[BlackElo "1980"]
[Result "1/2-1/2"]
[Round "1"]
1.d4 d5
2.e3 Nb8c6
3.h3 e5
4.dxe5 Nc6xe5
5.c3 c5
6.Ng1f3 Qd8d6
7.Nf3xe5 Qd6xe5
8.Nb1d2 a6
9.Nd2f3 Qe5d6
10.Qd1c2 b5
11.Bf1e2 Ng8f6
12.b3 Bc8e6
13.Bc1b2 c4
14.bxc4 dxc4
15.Ra1d1 Qd6c7
16.Nf3d4 Be6d7
17.Be2f3 Ra8d8
18.O-O Qc7e5
19.Nd4e2 Bf8d6
20.Ne2g3 O-O
21.Rf1e1 Bd6c7
22.Rd1d2 Qe5g5
23.Ng3e4 Nf6xe4
24.Bf3xe4 Bd7xh3
25.Be4xh7 Kh8
26.Bh7e4 Bh3g4
27.f3 Bg4e6
28.f4 Qg5g3
29.Qc2d1 f5
30.Be4f3 g5
31.Bb2a3 Rd8xd2
32.Qd1xd2 Rf8d8
33.Qd2f2 Qg3xf2
34.Kxf2 Rd8d2
35.Re1e2 Rd2d3
36.Ba3b2 Bc7d8
37.fxg5 Bd8xg5
38.Bf3b7 Rd3d6
39.Bb2a3 Rd6b6
40.Bb7f3 Be6c8
41.Ba3c5 Rb6h6
42.Re2d2 Rh6e6
43.Bc5d4 Kh7
44.Rd2d1 Bg5h4
45.g3 Bh4e7
46.Rd1h1 Kg6
47.g4 Be7f6
48.gxf5 Kxf5
49.Rh1h6 Kg5
50.Rh6xf6 Re6xf6
51.Bd4xf6 Kxf6
52.e4 Ke5
53.Ke3 Bc8b7
54.Bf3h1 a5
55.a3 Bb7c6
{ draw }
1/2-1/2

[Event "Match"]
[Site "www.echecsemail.com"]
[Date "2017.05.11"]
[Round "1"]
[White "Motorhead99"]
[Black "Chapi"]
[WhiteElo "1740"]
[BlackElo "2130"]
[Result "0-1"]
[Round "1"]
1.e4 c5
2.Ng1f3 Nb8c6
3.d4 cxd4
4.Nf3xd4 g6
5.Nb1c3 Bf8g7
6.Bc1e3 Ng8f6
7.f3 O-O
8.Qd1d2 a6
9.O-O-O d6
10.Kb1 Nf6d7
11.Nc3d5 Nd7b6
12.Nd5xb6 Qd8xb6
13.Nd4b3 Qb6c7
14.g4 Nc6e5
15.Bf1e2 Bc8e6
16.h4 Ra8c8
17.Nb3d4 Be6c4
18.Rd1c1 Bc4xe2
19.Qd2xe2 Ne5c4
20.h5 Nc4xe3
21.Qe2xe3 Qc7b6
22.Rc1d1 Rc8c4
{ resign }
0-1

[Event "Match"]
[Site "www.echecsemail.com"]
[Date "2017.05.11"]
[Round "1"]
[White "Guidom"]
[Black "Motorhead99"]
[WhiteElo "2070"]
[BlackElo "1740"]
[Result "1-0"]
[Round "1"]
1.e4 e5
2.Ng1f3 Nb8c6
3.Bf1b5 Bf8c5
4.O-O d6
5.c3 Bc8g4
6.h3 Bg4h5
7.d3 Ng8f6
8.Bc1g5 O-O
9.Nb1d2 a6
10.Bb5a4 b5
11.Ba4b3 Qd8e8
12.Bg5xf6 gxf6
13.Qd1c2 Kh8
14.Kh2 Rf8g8
15.Nf3h4 Bh5g6
16.Bb3d5 Ra8b8
17.Ra1d1 Nc6e7
18.Bd5b3 a5
19.a3 d5
20.exd5 Bc5d6
21.Nd2e4 Bg6xe4
22.dxe4 Ne7g6
23.Nh4f5 Ng6f4
24.g3 Nf4h5
25.Qc2e2 Nh5g7
26.Nf5h6 Rg8f8
27.Qe2g4 f5
28.Nh6xf5 Ng7xf5
29.Qg4xf5 Rf8g8
30.Rd1d2 Rg8g6
31.Bb3d1 { resign }
1-0

[Event "Match"]
[Site "www.echecsemail.com"]
[Date "2017.05.11"]
[Round "1"]
[White "Motorhead99"]
[Black "Fangshuo"]
[WhiteElo "1820"]
[BlackElo "2070"]
[Result "0-1"]
[Round "1"]
1.d4 d5
2.e3 Ng8f6
3.Bf1d3 c5
4.dxc5 e6
5.b4 Nb8c6
6.a3 a5
7.b5 Nc6e5
8.c6 bxc6
9.bxc6 Ne5xc6
10.Bc1b2 Bf8e7
11.Ng1e2 O-O
12.O-O e5
13.Nb1d2 e4
14.Bd3b5 Qd8b6
15.Bb5xc6 Qb6xc6
16.Ne2d4 Qc6d7
17.a4 Nf6g4
18.h3 Ng4e5
19.Qd1h5 f5
20.Nd4b5 Be7f6
21.Bb2xe5 Bf6xe5
22.Ra1b1 Ra8a6
23.Rf1d1 Ra6h6
24.Qh5e2 f4
25.Nd2xe4 f3
26.gxf3 Qd7xh3
27.Ne4g5 Qh3h1
{ resign }
0-1

[Event "Match"]
[Site "www.echecsemail.com"]
[Date "2017.05.11"]
[Round "1"]
[White "Sonny1000"]
[Black "Pellix84"]
[WhiteElo "1360"]
[BlackElo "2080"]
[Result "0-1"]
[Round "1"]
1.d4 Ng8f6
2.f3 d5
3.e4 dxe4
4.f4 g6
5.Ng1e2 Bc8g4
6.h3 Bg4f5
7.Ne2g3 Qd8d7
8.Ng3xf5 Qd7xf5
9.Bf1b5 Qf5xb5
10.c3 Bf8g7
11.a4 Qb5a6
12.d5 O-O
13.f5 c6
14.d6 Rf8d8
15.Bc1g5 Rd8xd6
16.Qd1f3 Qa6d3
17.Qf3xd3 exd3
18.Nb1d2 Nb8a6
19.fxg6 hxg6
20.h4 Na6c5
21.Bg5f4 Rd6e6
22.Kf2 Nf6e4
23.Nd2xe4 Nc5xe4
24.Kf3 Ra8d8
25.Ra1d1 d2
26.Rh1f1 Rd8d3
27.Ke2 Ne4c5
28.Kf2 Nc5xa4
29.Rd1a1 Na4xb2
30.Ra1xa7 d1Q
31.Ra7xb7 Qd1e2
32.Kg1 Bg7xc3
33.Rb7a7 Bc3d4
34.Rf1f2 Qe2xf2
35.Kh2 Qf2g1
{ resign }
0-1

[Event "Match"]
[Site "www.echecsemail.com"]
[Date "2017.05.11"]
[Round "1"]
[White "Winston"]
[Black "Whitekknight"]
[WhiteElo "1890"]
[BlackElo "1930"]
[Result "1-0"]
[Round "1"]
1.e4 e5
2.Ng1f3 d6
3.d4 exd4
4.Nf3xd4 Ng8f6
5.Nb1c3 Bc8d7
6.Bc1g5 Bf8e7
7.f4 Nb8c6
8.Bf1c4 Nc6a5
9.Qd1d3 Na5xc4
10.Qd3xc4 O-O
11.O-O-O Ra8c8
12.Nc3b5 Nf6xe4
13.Bg5xe7 Qd8xe7
14.Nb5xa7 Rc8a8
15.Na7b5 Bd7xb5
16.Nd4xb5 Ne4f2
17.Rh1e1 Qe7f6
18.Rd1d2 Nf2g4
19.h3 Ng4h6
20.a3 c6
21.Nb5xd6 Ra8b8
22.g4 Qf6h4
23.Qc4f1 b5
24.Rd2e2 Qh4d8
25.Re1d1 Qd8c7
26.g5 Rb8d8
27.Re2d2 Rd8xd6
28.Rd2xd6 Nh6f5
29.Rd6d7 Qc7b6
30.Qf1d3 g6
31.Rd7d8 { resign }
1-0

[Event "1/64 Finale"]
[Site "www.chess-mail.com"]
[Date "2017.05.11"]
[Round "1"]
[White "Ssharp"]
[Black "Sorento"]
[WhiteElo "2310"]
[BlackElo "2400"]
[Result "1/2-1/2"]
[Round "1"]
1.e4 g6
2.d4 Bf8g7
3.c4 d6
4.Nb1c3 a6
5.f4 e6
6.Ng1f3 Ng8e7
7.Bf1d3 Nb8d7
8.Bc1e3 b6
9.Qd1d2 Bc8b7
10.g4 O-O
11.Rh1f1 c5
{ draw }
1/2-1/2

[Event "1/64 Finale"]
[Site "www.chess-mail.com"]
[Date "2017.05.11"]
[Round "1"]
[White "Sorento"]
[Black "Guidom"]
[WhiteElo "2420"]
[BlackElo "2070"]
[Result "1/2-1/2"]
[Round "1"]
1.e4 e5
2.Ng1f3 Nb8c6
3.Bf1c4 d6
4.c3 Bf8e7
5.h3 Ng8f6
6.d3 O-O
7.O-O Bc8e6
8.Bc4b3 Qd8d7
9.Rf1e1 h6
10.Bc1e3 a6
11.Nb1d2 { draw }
1/2-1/2

[Event "Tourn. n9243"]
[Site "www.chess-mail.com"]
[Date "2017.05.12"]
[Round "1"]
[White "Xkafi"]
[Black "Norlavuaram"]
[WhiteElo "2000"]
[BlackElo "2130"]
[Result "1/2-1/2"]
[Round "1"]
1.e4 e5
2.Qd1h5 Nb8c6
3.c3 Ng8f6
4.Qh5f3 Bf8c5
5.Bf1c4 O-O
6.d3 d6
7.Ng1h3 a6
8.b4 Bc5a7
9.Nh3g5 Bc8g4
10.Qf3g3 Bg4h5
11.h4 Nf6g4
12.Bc1e3 Ng4xe3
13.fxe3 h6
14.Ng5h3 Qd8d7
15.Rh1f1 Qd7g4
16.Qg3xg4 Bh5xg4
17.Kd2 Nc6e7
18.Nh3f2 Bg4d7
19.Nb1a3 Kh8
20.g4 Ne7g6
21.g5 Ng6xh4
22.gxh6 gxh6
23.Rf1h1 Nh4g6
24.Rh1xh6 Kg7
25.Rh6h2 Rf8h8
26.Rh2g2 Rh8h4
27.Na3c2 Ra8h8
28.a4 Rh4h2
29.Rg2xh2 Rh8xh2
30.Ke1 f5
31.Ke2 f4
32.d4 fxe3
33.Kxe3 exd4
34.cxd4 Ng6e5
35.Bc4b3 Rh2g2
36.Ra1f1 Ne5g4
37.Kf3 Rg2xf2
38.Rf1xf2 Ng4xf2
{ draw }
1/2-1/2

[Event "Tourn. n9259"]
[Site "www.chess-mail.com"]
[Date "2017.05.12"]
[Round "1"]
[White "Estonia"]
[Black "Hundegana"]
[WhiteElo "2050"]
[BlackElo "2050"]
[Result "1-0"]
[Round "1"]
1.d4 d6
2.c4 Bc8d7
3.e4 c5
4.d5 e6
5.Nb1c3 a6
6.Ng1f3 g6
7.Bf1e2 Bf8g7
8.Qd1c2 Ng8e7
9.O-O O-O
10.Bc1g5 h6
11.Bg5e3 e5
12.Qc2d2 Kh7
13.a4 Bd7g4
14.h3 Bg4d7
15.a5 f5
16.exf5 Bd7xf5
17.Nc3a4 Ra8a7
18.b4 Nb8d7
19.Nf3h4 b6
20.axb6 Nd7xb6
21.Na4xb6 Qd8xb6
22.bxc5 dxc5
23.Rf1b1 Bf5xb1
24.Qd2c1 Bb1f5
25.g4 Bf5e4
26.f3 Bg7f6
27.Nh4g2 Be4xf3
28.Be2xf3 e4
29.Bf3xe4 Bf6xa1
30.Qc1xa1 a5
31.Ng2f4 a4
32.Nf4e6 Rf8f7
33.Be3xc5 Qb6a5
34.Bc5xa7 Qa5xa7
35.c5 Ne7c8
36.Kg2 a3
37.g5 h5
38.h4 Qa7a5
39.Be4xg6 Kxg6
40.Qa1b1 Rf7f5
41.Ne6f4 Kg7
42.Qb1xf5 Qa5d2
43.Kf3 Qd2d1
44.Ke3 Nc8e7
45.Qf5f6 Kg8
46.Qf6xe7 Qd1e1
47.Nf4e2 Qe1xh4
48.Qe7e8 Kg7
49.Qe8e7 Kg8
50.Qe7e6 Kg7
51.Qe6e7 Kg8
52.d6 Qh4h3
53.Kd2 Qh3f5
54.d7 Qf5d5
55.Ke3 Qd5b3
56.Kf2 Qb3f7
57.Qe7xf7 Kxf7
58.d8Q a2
59.Qd8d5 Kg6
60.Ne2f4 Kh7
61.Qd5xa2 h4
62.Qa2f7 Kh8
63.Nf4g6 { resign }
1-0

[Event "Tourn. n9324"]
[Site "www.chess-mail.com"]
[Date "2017.05.12"]
[Round "1"]
[White "Vasylpuzanov"]
[Black "Redabond"]
[WhiteElo "1690"]
[BlackElo "1670"]
[Result "1-0"]
[Round "1"]
1.e4 b6
2.d4 Bc8b7
3.Bf1d3 d5
4.e5 e6
5.Ng1f3 Bf8e7
6.O-O Nb8c6
7.c3 Qd8d7
8.h3 Ng8h6
9.Nb1d2 O-O
10.Rf1e1  { time }
1-0

[Event "Tourn. n9353"]
[Site "www.chess-mail.com"]
[Date "2017.05.12"]
[Round "1"]
[White "Cjood"]
[Black "Redapond1"]
[WhiteElo "2050"]
[BlackElo "1850"]
[Result "0-1"]
[Round "1"]
1.d4 d5
2.Nb1c3 Bc8f5
3.Bc1f4 Nb8c6
4.Nc3b5 e5
5.dxe5 a6
6.Nb5c3 g5
7.Bf4g3 h5
8.Nc3xd5 h4
9.e6 hxg3
10.exf7 Kxf7
11.fxg3 Bf5xc2
12.Qd1xc2 Qd8xd5
13.e3 Bf8b4
14.Kf2 Ra8f8
15.Ng1f3 Ke7
16.Kg1 g4
17.Ra1d1 Qd5xa2
18.Bf1c4 Qa2a5
19.Qc2e4 Kf6
20.Qe4e6 Kg7
21.Qe6xg4 Kf6
22.Qg4e6 Kg7
23.h4 Bb4d6
24.Kh2 Rf8f6
25.Qe6g4 Rf6g6
26.Nf3g5 Rg6xg5
27.Qg4d7 Ng8e7
28.Kg1 Nc6e5
29.Qd7e6 Rg5g6
30.Qe6h3 Ne5xc4
31.b3 Nc4xe3
32.Rd1d3 Qa5e1
33.Kh2 Bd6xg3
{ resign }
0-1

[Event "Tourn. n9331"]
[Site "www.chess-mail.com"]
[Date "2017.05.12"]
[Round "1"]
[White "Cal"]
[Black "Ll69"]
[WhiteElo "1730"]
[BlackElo "1679"]
[Result "0-1"]
[Round "1"]
1.c4 f5
2.Nb1c3 Ng8f6
3.d3 e6
4.a3 d5
5.cxd5 exd5
6.e3 c6
7.h3 Bf8d6
8.Ng1f3 O-O
9.b4 a6
10.Bc1b2 Nb8d7
11.Bf1e2 a5
12.b5 Nd7e5
13.O-O Ne5xf3
14.Be2xf3 Bc8d7
15.Nc3e2 g5
16.bxc6 bxc6
17.Ne2g3 Qd8e7
18.Bf3h5 g4
19.h4 Bd6xg3
20.Bb2xf6 Rf8xf6
21.fxg3 Qe7xe3
22.Kh2 Qe3h6
23.Bh5xg4 fxg4
24.Rf1xf6 Qh6xf6
25.d4 Ra8e8
26.Ra1a2 Re8e4
27.Ra2f2 Qf6xf2
28.h5 Re4e3
29.Qd1xg4 Bd7xg4
{ resign }
0-1

[Event "Tourn. n9250"]
[Site "www.chess-mail.com"]
[Date "2017.05.12"]
[Round "1"]
[White "Picifarkinca"]
[Black "Falcoale"]
[WhiteElo "1910"]
[BlackElo "2010"]
[Result "0-1"]
[Round "1"]
1.e4 c5
2.Ng1f3 Nb8c6
3.Bf1b5 a6
4.Bb5xc6 bxc6
5.O-O Bc8b7
6.d4 cxd4
7.Nf3xd4 e6
8.Nb1c3 Ng8f6
9.Bc1g5 h6
10.Bg5h4 Bf8e7
11.Kh1 O-O
12.f4 d5
13.e5 Nf6e4
14.Bh4xe7 Qd8xe7
15.Nc3xe4 dxe4
16.Qd1e2 c5
17.Nd4b3 Qe7c7
18.c4 Ra8d8
19.Ra1d1 a5
20.Nb3d2 Qc7b6
21.b3 Rd8d4
22.f5 Qb6c7
23.fxe6 Qc7xe5
24.exf7 Rf8xf7
25.Nd2f3 Rd4xd1
26.Rf1xd1 Qe5f6
27.Nf3g1 Qf6g5
28.Qe2d2 Qg5xd2
29.Rd1xd2 e3
30.Rd2e2 Rf7f2
31.h3 Bb7xg2
{ resign }
0-1

[Event "Tourn. n9250"]
[Site "www.chess-mail.com"]
[Date "2017.05.12"]
[Round "1"]
[White "Libiesse"]
[Black "Falcoale"]
[WhiteElo "1780"]
[BlackElo "2010"]
[Result "0-1"]
[Round "1"]
1.d4 Ng8f6
2.c4 e6
3.Ng1f3 b6
4.Bc1g5 h6
5.Bg5h4 Bf8e7
6.Nb1c3 Bc8b7
7.e3 O-O
8.Qd1c2 d6
9.Bf1e2 Nb8d7
10.O-O c5
11.Rf1d1 a6
12.a4 Rf8e8
13.Ra1a3 Qd8c8
14.h3 Bb7c6
15.d5 exd5
16.Bh4xf6 Nd7xf6
17.Nc3xd5 Nf6xd5
18.cxd5 Bc6b7
19.Qc2b3 Qc8c7
20.a5 b5
21.Qb3a2 Qc7d7
22.Ra3d3 c4
23.Rd3d4 Be7f6
24.Rd4d2 Qd7c7
25.Nf3h2 c3
26.bxc3 Qc7xc3
27.Rd2c2 Qc3e5
28.Rc2c7 Ra8b8
 { time }
0-1